000 01341cam a22003135a 4500
001 15816760
005 20091120064956.0
008 090714s2009 nyu |r 001 0 eng
010 _a 2009932595
020 _a9783642011498
020 _a9783642011504
040 _aDLC
_cDLC
082 _222
_a628.167
_bSEA
245 0 0 _aSeawater Desalination :
_bConventional and Renewable Energy Processes /
_cEditors Andrea Cipollina, Giorgio Micale, Lucio Rizzuti
260 _aNew York :
_bSpringer Berlin Heidelberg, 2009
_c2009.
300 _axiv, 306 p. :
_bill., maps ;
_c24 cm.
490 0 _aGreen Energy and Technology
_919134
504 _aIncludes bibliographical references(p.297-299) and index
650 _913061
_aSaline water conversion
650 _913069
_aSaline water conversion plants
_xEconomic aspects
650 _913068
_aSaline water conversion plants
_xPower supply
650 _911557
_aRenewable energy sources.
700 _913067
_aCipollina, Andrea
700 _913065
_aMicale, Giorgio
700 _913066
_aRizzuti, Lucio
942 _2ddc
_cBB
999 _c13767
_d13767